35 najwyższych wpłat na zbiórkę Łatwogang x Cancer Fighters - Statystyki

Ogólne statystyki
  • Ten quiz został rozwiązany 12 razy
  • Średni wynik to 7 z 35
Statystyki odpowiedzi
Wpłacona Kwota Top Spółka/osoba % Poprawnych
5 000 230,67zł 5 WK Dzik
83%
1 000 842,67zł 17 Bedoes
75%
1 000 000,00zł 20 Lewandowscy|Robert Lewandowski|Robert i Anna Lewandowscy
58%
2 510 159,68zł 9 Tymbark
58%
1 200 267,00zł 14 Eveline Cosmetics|Ewelina Kosmetyczna
50%
6 000 000,00zł 2 InPost
50%
6 251 32,37zł 1 XTB
42%
250 000,00zł 32 Kanał Zero|SFD|Bielenda|Krzysztof Stanowski
33%
5 000 000,00zł 6 Neboa
33%
5 100 000,00zł 4 Kuchnia Wikinga
25%
228 002,13zł 33 Oki
25%
5 555 581,15zł 3 ZEN
25%
3 011 174,13zł 7 Budimex
17%
1 000 000,00zł 21 MultiSport
17%
340 093,47zł 29 Sobel|Def Jam
17%
333 445,13zł 30 Zbyszko
17%
1 002 021,36zł 19 Apart
8%
100 000,00zł 35 Beskidzkie
8%
200 000,00zł 34 Dawid Podsiadło
8%
1 000 000,00zł 22 Ewa Chodakowska|BeBio
8%
1 111 116,11zł 15 ING Bank Śląski
8%
2 150 000,00zł 10 Lidl
8%
1 201 989,00zł 13 Pitbull
8%
777 827,67zł 24 Allegro
0%
300 005,00zł 31 Epaka
0%
1 111 111,11zł 16 Erste Bank Polska
0%
500 000,00zł 28 Olimp Labs
0%
1 007 777,77zł 18 OnlyBio|StarsSpace
0%
3 000 000,00zł 8 Ostrovit
0%
800 000,00zł 23 Paweł i Ola Marchwanka|Marchwanka
0%
555 555,00zł 26 SAVICKI
0%
700 021,37zł 25 Vezzi
0%
1 410 061,37zł 11 Wizi
0%
1 300 021,37zł 12 Wydawnictwo Niezwykłe
0%
500 000,00zł 27 Żabka
0%
Nie znaleziono quizów pasujących do podanych kryteriów
Rozkład punktacji
Procent ludzi z każdym wynikiem
Percentyl według liczby udzielonych odpowiedzi
Twoja historia wyników
Nie rozwiązałeś tego quizu